Islamic opinions on contraception / (Record no. 56439)
[ view plain ]
| 000 -LEADER | |
|---|---|
| fixed length control field | 00736nam a2200241 a 4500 |
| 001 - CONTROL NUMBER | |
| control field | 56439 |
| 003 - CONTROL NUMBER IDENTIFIER | |
| rucl marc code | BD-RJUL |
| 005 - DATE AND TIME OF LATEST TRANSACTION | |
| control field | 20211209080409.0 |
| 008 - FIXED-LENGTH DATA ELEMENTS--GENERAL INFORMATION | |
| fixed length control field | 161129s1977 bg || o000 ||eng |
| 020 ## - INTERNATIONAL STANDARD BOOK NUMBER | |
| Terms of availability | Tk.1.00 |
| 035 ## - SYSTEM CONTROL NUMBER | |
| System control number | (BD-RJUL)56563 |
| 038 ## - RECORD CONTENT LICENSOR | |
| Record content licensor | Uk |
| 040 ## - CATALOGING SOURCE | |
| Original cataloging agency | Uk |
| Transcribing agency | Uk |
| Language of cataloging | eng |
| Modifying agency | BD-RJUL |
| 041 ## - LANGUAGE CODE | |
| Language code of text/sound track or separate title | eng |
| 082 ## - DEWEY DECIMAL CLASSIFICATION NUMBER | |
| Edition number | 23 |
| Classification number | 297.5 |
| Author mark and year | KHI 1977 |
| 100 1# - MAIN ENTRY--PERSONAL NAME | |
| Personal name | Khan, Akhter Hameed. |
| 9 (RLIN) | 167874 |
| 245 10 - TITLE STATEMENT | |
| Title | Islamic opinions on contraception / |
| Statement of responsibility, etc. | Akhter Hameed Khan. |
| 260 ## - PUBLICATION, DISTRIBUTION, ETC. (IMPRINT) | |
| Place of publication, distribution, etc. | Comilla : |
| Name of publisher, distributor, etc. | Bangladesh Academy for Rural Development, |
| Date of publication, distribution, etc. | 1977 |
| 300 ## - PHYSICAL DESCRIPTION | |
| Pagination | 16 p. ; |
| Size | 25cm. |
| 650 #0 - SUBJECT ADDED ENTRY--TOPICAL TERM | |
| Topical term or geographic name as entry element | Birth control |
| General subdivision | Religious aspects |
| -- | Islam. |
| 9 (RLIN) | 167875 |
| 710 2# - ADDED ENTRY--CORPORATE NAME | |
| Corporate name or jurisdiction name as entry element | Bāṃlādeśa Pallī Unnaẏana Ekāḍemī |
| Date of meeting or treaty signing | DLC, |
| Relator term | rda. |
| 9 (RLIN) | 167876 |
| 942 ## - ADDED ENTRY ELEMENTS (KOHA) | |
| Source of classification or shelving scheme | Dewey Decimal Classification |
| Koha item type | Books |
| Lost status | Source of classification or shelving scheme | Damaged status | Not for loan | Collection code | Permanent Location | Current Location | Shelving location | Date acquired | Source of acquisition | Cost, normal purchase price | Total Checkouts | Full call number | Date last seen | Copy number | Koha item type |
|---|---|---|---|---|---|---|---|---|---|---|---|---|---|---|---|
| Dewey Decimal Classification | Non-fiction | Central Library, University of Rajshahi | Central Library, University of Rajshahi | Comilla, Ban.poli. union ecademy | 1.00 | 297.5 KHI 1977 | 29/11/2016 | C-2 | Books |